000 00325 a2200157 4500
001 188716
020 _a
040 _cMagnum
100 _aCenni Júnior, Mário Agostino
240 1 0 _aPrincípios morais
_lpor
245 1 0 _aPrincípios morais
300 _a354
362 0 _a2009
697 _aFILOSOFIA
942 _cBK
999 _c188716
_d188716